000 00840aas a2200229 4500
999 _c3829
_d3829
003 BR-BrBNA
005 20230317233919.0
007 ta
008 230119b bl ||||| |||| 00| 0 por d
035 _a000485-5
040 _aBR-BrBNA
_bPor
_cBR-BrBNA
042 _aN
044 _abl
245 _aSistema de Produção - Associação de Assistência Técnica e Extensão Rural do Território Federal do Amápa (Brazil)
260 _aMacapá-AP
_bAssociação de Assistência Técnica e Extensão Rural do Território Federal Amapá
_c1980. Data final de publicação em 1983
_eBAP
270 _aRua Leopoldo Machado, 1374 - Bairro Jesus de Nazaré - Cx. Postal, 27 - 68.900
310 _airregular
500 _aSubstituí: Sistema de Produção Boletim
505 _a1980 (1,abr); 1983 (2);
909 _a56
_bSergio Santos
_c56
_dSergio Santos
942 _cCR
_2AGRIS